[Event "AUTO-OPEN-1719"]
[Site "http://www.queenalice.com/game.php?id=665738"]
[Date "2009.10.11"]
[Round "1"]
[White "leoarthur"]
[Black "chrein_24"]
[Result "1-0"]
[WhiteElo "2123"]
[BlackElo "1585"]

1. e4 c5 2. Nf3 Nc6 3. c3 d5 4. exd5 Qxd5 5. d4 c4 6. b3 cxb3 7. axb3 Nf6 8. Ng5
h6 9. Nf3 Bg4 10. Nbd2 e5 11. Bc4 Qd8 12. h3 Bh5 13. g4 Bg6 14. dxe5 Ne4 15. Bb2
Bc5 16. O-O Nxd2 17. Qxd2 Qxd2 18. Nxd2 Ke7 19. Rfe1 Rad8 20. Ne4 Bxe4 21. Rxe4
Rd2 22. Ba3 Bxa3 23. Rxa3 Rhd8 24. e6 f6 25. b4 a6 26. b5 axb5 27. Bxb5 Ne5 28.
Ra7 Rb8 29. Ba6 Rb2 30. Rb4 Rxb4 31. cxb4 Kxe6 32. Rxb7 Rxb7 33. Bxb7 Nc4 34. b5
1-0

[Event "AUTO-OPEN-1719"]
[Site "http://www.queenalice.com/game.php?id=665739"]
[Date "2009.10.11"]
[Round "1"]
[White "chrein_24"]
[Black "leoarthur"]
[Result "0-1"]
[WhiteElo "1784"]
[BlackElo "2121"]

1. e4 e5 2. Nf3 Nf6 3. Nc3 Nc6 4. Bc4 Nxe4 5. d3 Nxc3 6. bxc3 d5 7. Bb5 Bd7 8.
O-O a6 9. Bxc6 Bxc6 10. Nxe5 Be7 11. Re1 O-O 12. Qg4 Bf6 13. d4 Re8 14. Bf4 Ba4
15. Re2 c5 16. Rae1 Qa5 17. dxc5 Qxc3 18. Nd7 Bxd7 19. Rxe8+ Rxe8 20. Rxe8+ Bxe8
21. g3 Bd4 22. Qe2 Bb5 23. Qe7 Qa1+ 24. Kg2 Bf1+ 25. Kf3 Qd1+ 0-1

[Event "AUTO-OPEN-1719"]
[Site "http://www.queenalice.com/game.php?id=665758"]
[Date "2009.10.11"]
[Round "1"]
[White "ShahMaster"]
[Black "chrein_24"]
[Result "0-1"]
[WhiteElo "1879"]
[BlackElo "1741"]

1. e4 c5 2. Nc3 Nc6 3. Nf3 g6 4. Bc4 Bg7 5. Ng5 e6 6. d3 Nge7 7. a3 d5 8. exd5
Nxd5 9. Nxd5 exd5 10. Qe2+ Qe7 11. Qxe7+ Nxe7 12. Bb5+ Kf8 13. Rb1 a6 14. Ba4 b5
15. Bb3 c4 16. dxc4 bxc4 17. Ba2 Bf5 18. Kd2 h6 19. Nf3 Nc6 20. b4 c3+ 21. Kd1
d4 22. Bb3 Na7 23. Bf4 Nb5 24. a4 Na7 25. Re1 Nc6 26. Bd5 Rc8 27. Bxc6 Rxc6 28.
Be5 d3 29. Bxg7+ Kxg7 30. Nd4 dxc2+ 31. Nxc2 Rd8+ 0-1

[Event "AUTO-OPEN-1719"]
[Site "http://www.queenalice.com/game.php?id=665759"]
[Date "2009.10.11"]
[Round "1"]
[White "chrein_24"]
[Black "ShahMaster"]
[Result "1-0"]
[WhiteElo "1500"]
[BlackElo "1872"]

1. e4 Nc6 2. d4 d5 3. e5 Bf5 4. Bb5 e6 5. Nc3 Bb4 6. Ne2 Ne7 7. O-O a6 8. Ba4 b5
9. Bb3 Ba5 10. Ng3 Bg6 11. f4 Nf5 12. Nxf5 Bxf5 13. g4 Be4 14. Nxe4 dxe4 15. Be3
Ne7 16. f5 exf5 17. gxf5 Nd5 18. Qh5 Qd7 19. e6 Qd6 20. Qxf7+ Kd8 21. Bxd5 Qxd5
22. e7+ 1-0

[Event "AUTO-OPEN-1719"]
[Site "http://www.queenalice.com/game.php?id=665768"]
[Date "2009.10.11"]
[Round "1"]
[White "pcmvr"]
[Black "chrein_24"]
[Result "1-0"]
[WhiteElo "1741"]
[BlackElo "1610"]

1. b4 d5 2. Bb2 d4 3. Nf3 Nc6 4. b5 Nb4 5. a3 Nd5 6. Bxd4 f6 7. e4 Nf4 8. Be3
Ng6 9. d4 Bg4 10. h3 Bxf3 11. Qxf3 e5 12. d5 Bd6 13. h4 h5 14. g3 N8e7 15. Nd2
Qd7 16. c4 b6 17. Bh3 Qd8 18. O-O Nf8 19. Rfb1 Nd7 20. a4 Nc5 21. a5 1-0

[Event "AUTO-OPEN-1719"]
[Site "http://www.queenalice.com/game.php?id=665769"]
[Date "2009.10.11"]
[Round "1"]
[White "chrein_24"]
[Black "pcmvr"]
[Result "0-1"]
[WhiteElo "1596"]
[BlackElo "1755"]

1. e4 e6 2. d4 d5 3. e5 c5 4. Nf3 cxd4 5. Nxd4 Nc6 6. Be3 Nxe5 7. Be2 Nf6 8. O-O
Be7 9. b3 Ng6 10. Nc3 e5 11. Bb5+ Kf8 12. Nxd5 Nxd5 13. Bc4 exd4 14. Bxd4 Ndf4
15. Bc5 Qxd1 16. Raxd1 Bxc5 17. Rd8+ Ke7 18. Rxh8 Nxh8 19. Re1+ Kf6 20. Re8 Nhg6
21. g3 Nh3+ 0-1

[Event "Challenge"]
[Site "http://www.queenalice.com/game.php?id=669120"]
[Date "2009.10.18"]
[Round "-"]
[White "chrein_24"]
[Black "Andrei_78"]
[Result "0-1"]
[WhiteElo "1709"]
[BlackElo "1728"]

1. e4 e5 2. Nf3 d6 3. d4 h6 4. Bc4 a6 5. dxe5 dxe5 6. Bxf7+ Ke7 7. Bd5 c6 8. Bb3
Qxd1+ 9. Kxd1 Nf6 10. Nc3 Kd8 11. Nxe5 Kc7 12. Nf7 Rh7 13. Bf4+ Kb6 14. Na4+ Ka7
15. Be3+ c5 16. Nxc5 b6 17. Na4 Nc6 18. Nxb6 Kb7 19. Nxa8 Kxa8 20. Ke2 Na5 21.
f3 Nxb3 22. axb3 Be6 23. Rxa6+ Kb8 24. Rxe6 Bb4 25. Rb6+ Kc7 26. Rxb4 g5 27. Ne5
Nd7 28. Nxd7 Rxd7 0-1

[Event "Challenge"]
[Site "http://www.queenalice.com/game.php?id=670369"]
[Date "2009.10.21"]
[Round "-"]
[White "thomas01"]
[Black "chrein_24"]
[Result "0-1"]
[WhiteElo "1476"]
[BlackElo "1849"]

1. e4 c5 2. f4 Nc6 3. d3 d5 4. Nc3 e6 5. Be3 d4 6. Bd2 dxc3 7. Bxc3 Nd4 8. Bxd4
cxd4 9. a3 Nf6 10. e5 Nd5 11. Qd2 Ne3 12. Nf3 Be7 13. g3 Qb6 14. Rb1 Bxa3 15. c3
dxc3 16. Qxc3 Bb4 0-1

[Event "Challenge"]
[Site "http://www.queenalice.com/game.php?id=670370"]
[Date "2009.10.21"]
[Round "-"]
[White "chrein_24"]
[Black "thomas01"]
[Result "1-0"]
[WhiteElo "1776"]
[BlackElo "1455"]

1. e4 e5 2. Nf3 d6 3. d4 Nc6 4. d5 Nce7 5. Be3 f6 6. Nc3 Bd7 7. Nd2 a6 8. f4 Ng6
9. f5 Nf4 10. g3 b5 11. gxf4 Rb8 12. Nb3 c6 13. dxc6 Bxc6 14. Nd5 Bxd5 15. Qxd5
Ne7 16. Qe6 Qc8 17. Qxd6 g6 18. Qxf6 exf4 19. Bxf4 Rb7 20. Qxh8 Qxc2 21. Nd2 Rd7
22. Bh6 Ng8 23. Qe5+ Re7 24. Qb8+ 1-0

[Event "Challenge"]
[Site "http://www.queenalice.com/game.php?id=675160"]
[Date "2009.10.30"]
[Round "-"]
[White "Vladimir"]
[Black "chrein_24"]
[Result "1-0"]
[WhiteElo "1669"]
[BlackElo "1785"]

1. d4 Nf6 2. c4 g6 3. Nc3 Bg7 4. e4 d6 5. Nf3 O-O 6. h3 Nfd7 7. Be3 c5 8. d5 Ne5
9. Nxe5 Bxe5 10. Bd3 Bg7 11. Qd2 f5 12. Bh6 Na6 13. a3 Nc7 14. h4 Ne8 15. h5 e6
16. hxg6 hxg6 17. Bxg7 Nxg7 18. Qh6 Qf6 19. O-O-O a6 20. Ne2 g5 21. f4 g4 22. e5
dxe5 23. fxe5 Qxe5 24. Qg5 Qf6 25. Qxf6 Rxf6 26. d6 Bd7 27. b4 e5 28. bxc5 Rc8
29. Nc3 Rxd6 30. cxd6 b5 31. Nd5 Rd8 32. c5 Bc6 33. Bb1 Kf7 34. Rh6 Bxd5 35.
Rxd5 e4 36. Ba2 Ke8 37. c6 1-0

[Event "brancas"]
[Site "http://www.queenalice.com/game.php?id=677719"]
[Date "2009.11.4"]
[Round "-"]
[White "paloberto"]
[Black "chrein_24"]
[Result "1-0"]
[WhiteElo "1842"]
[BlackElo "1644"]

1. e4 c5 2. Nf3 Nc6 3. c3 d5 4. exd5 Qxd5 5. Bc4 Qxc4 6. d3 Qe6+ 7. Be3 b6 8.
O-O Ba6 9. Re1 Qd7 10. c4 O-O-O 11. Nc3 Qxd3 12. Nd2 Nf6 13. Qa4 Bb7 14. a3 Ng4
15. Rad1 Qf5 16. f3 1-0

[Event "pretas"]
[Site "http://www.queenalice.com/game.php?id=677720"]
[Date "2009.11.4"]
[Round "-"]
[White "chrein_24"]
[Black "paloberto"]
[Result "0-1"]
[WhiteElo "1658"]
[BlackElo "1833"]

1. e4 c5 2. Nf3 Nc6 3. d4 cxd4 4. Nxd4 e5 5. Nf5 d6 6. Ne3 Nf6 7. Nc3 Be7 8. Bc4
O-O 9. O-O b6 10. Ned5 Rb8 11. f4 Bg4 12. Nxf6+ Bxf6 13. Qxg4 Nd4 14. Nd5 Nxc2
0-1

[Event "Challenge"]
[Site "http://www.queenalice.com/game.php?id=678820"]
[Date "2009.11.6"]
[Round "-"]
[White "chrein_24"]
[Black "paulogaspar"]
[Result "0-1"]
[WhiteElo "1585"]
[BlackElo "2075"]

1. e4 e6 2. d4 d5 3. e5 Nc6 4. Nf3 Nge7 5. Be2 Nf5 6. O-O a6 7. c4 Be7 8. cxd5
Qxd5 9. Nc3 Qd8 10. Bc4 Nfxd4 11. Nxd4 Qxd4 12. Qxd4 Nxd4 13. Be3 c5 14. Ne4 Nc2
15. Rac1 Nxe3 16. fxe3 b5 17. Be2 c4 18. Nd6+ Bxd6 19. exd6 O-O 20. e4 e5 0-1

[Event "Challenge"]
[Site "http://www.queenalice.com/game.php?id=679418"]
[Date "2009.11.7"]
[Round "-"]
[White "chrein_24"]
[Black "sivic79"]
[Result "0-1"]
[WhiteElo "1678"]
[BlackElo "1822"]

1. e4 e6 2. d4 d5 3. e5 c5 4. Nf3 a6 5. c3 Nc6 6. Be2 Nge7 7. dxc5 Ng6 8. O-O
Bxc5 9. b4 Ba7 10. Re1 Ncxe5 11. Nxe5 Nxe5 12. Bxa6 Qf6 13. Bb5+ Nd7 14. Be3 O-O
15. Bd4 Bxd4 0-1

[Event "Challenge"]
[Site "http://www.queenalice.com/game.php?id=680112"]
[Date "2009.11.9"]
[Round "-"]
[White "chrein_24"]
[Black "OnlyJoking"]
[Result "0-1"]
[WhiteElo "1733"]
[BlackElo "1872"]

1. e4 c6 2. d4 d5 3. e5 Bf5 4. Nf3 e6 5. c4 Ne7 6. Nc3 Nd7 7. c5 b6 8. b4 b5 9.
a4 a6 10. a5 Bg4 11. Be2 Bxf3 12. Bxf3 Ng6 13. Ne2 Be7 14. O-O Bg5 15. Bh5 Qe7
16. f4 Bh6 0-1